Das preußische Nichtehelichenrecht: von der Aufklärung zur Reaktion
| Main Author: | |
|---|---|
| Format: | Print Book |
| Language: | German |
| Subito Delivery Service: | Order now. |
| Check availability: | HBZ Gateway |
| WorldCat: | WorldCat |
| Interlibrary Loan: | Interlibrary Loan for the Fachinformationsdienste (Specialized Information Services in Germany) |
| Published: |
Frankfurt am Main Berlin Bern Wien [u.a.]
Lang
1993
|
| In: |
Rechtshistorische Reihe (113)
Year: 1993 |
| Series/Journal: | Rechtshistorische Reihe
113 |
| Standardized Subjects / Keyword chains: | B
Prussians
/ Unmarried law
/ History 1825-1896
B Single mother |
| Further subjects: | B
Illegitimate children
Legal status, laws, etc
History
Germany
Prussia
B History 1825-1896 B Unmarried mothers Legal status, laws, etc History Germany Prussia B Thesis |
| Online Access: |
Table of Contents |
MARC
| LEADER | 00000cam a2200000 c 4500 | ||
|---|---|---|---|
| 001 | 128556366 | ||
| 003 | DE-627 | ||
| 005 | 20251222201256.0 | ||
| 007 | tu | ||
| 008 | 931025s1993 gw ||||| m 00| ||ger c | ||
| 015 | |a 93,N29,0238 |2 dnb | ||
| 015 | |a 93,H11,0181 |2 dnb | ||
| 016 | 7 | |a 930772253 |2 DE-101 | |
| 020 | |a 363146343X |c : sfr 81.00 (kart.) |9 3-631-46343-X | ||
| 035 | |a (DE-627)128556366 | ||
| 035 | |a (DE-576)034681086 | ||
| 035 | |a (DE-599)DNB930772253 | ||
| 035 | |a (OCoLC)231545434 | ||
| 035 | |a (OCoLC)29783152 | ||
| 035 | |a (DE-604)8080973744 | ||
| 040 | |a DE-627 |b ger |c DE-627 |e rakwb | ||
| 041 | |a ger | ||
| 044 | |c XA-DE |c XA-CH |c XD-US | ||
| 050 | 0 | |a KKB9015 | |
| 082 | 0 | |a 346.43017 | |
| 082 | 0 | |a 346.4301/7 | |
| 082 | 0 | |a 344.30617 | |
| 084 | |a 19 |a 63 |2 sdnb | ||
| 084 | |a PW 8410 |2 rvk |0 (DE-625)rvk/140962: | ||
| 084 | |a PW 1000 |2 rvk |0 (DE-625)rvk/140800: | ||
| 084 | |a BR 5290 |2 rvk |0 (DE-625)rvk/15924: | ||
| 084 | |a 86.01 |2 bkl | ||
| 084 | |a 86.22 |2 bkl | ||
| 100 | 1 | |0 (DE-588)171210735 |0 (DE-627)061388564 |0 (DE-576)132022168 |4 aut |a Heinrich, Thomas |d 1963- | |
| 109 | |a Heinrich, Thomas 1963- | ||
| 191 | |a 1 | ||
| 245 | 1 | 4 | |a Das preußische Nichtehelichenrecht |b von der Aufklärung zur Reaktion |c Thomas Heinrich |
| 264 | 1 | |a Frankfurt am Main |a Berlin |a Bern |a Wien [u.a.] |b Lang |c 1993 | |
| 300 | |a XVIII, 325 S. |b Ill |c 21 cm | ||
| 336 | |a Text |b txt |2 rdacontent | ||
| 337 | |a ohne Hilfsmittel zu benutzen |b n |2 rdamedia | ||
| 338 | |a Band |b nc |2 rdacarrier | ||
| 361 | 1 | |5 DE-8-3 |y 8320842741 |s Pa. III 1080 |o Vorbesitz |a Eckert, Jörn |0 (DE-588)123484669 |0 (DE-627)082582025 |0 (DE-576)160823013 | |
| 490 | 1 | |a Rechtshistorische Reihe |v 113 | |
| 500 | |a Literaturverz. S. XI - XV | ||
| 502 | |a Zugl.: Bielefeld, Univ., Diss., 1993 | ||
| 601 | |a Preußisch | ||
| 601 | |a Aufklärung | ||
| 601 | |a Reaktion | ||
| 648 | 4 | |a Geschichte 1825-1896 | |
| 650 | 0 | |a Unmarried mothers |x Legal status, laws, etc |x History |x Germany |x Prussia | |
| 650 | 0 | |a Illegitimate children |x Legal status, laws, etc |x History |x Germany |x Prussia | |
| 655 | 7 | |a Hochschulschrift |0 (DE-588)4113937-9 |0 (DE-627)105825778 |0 (DE-576)209480580 |2 gnd-content | |
| 689 | 0 | 0 | |d g |0 (DE-588)4047194-9 |0 (DE-627)104516828 |0 (DE-576)209072652 |2 gnd |a Preußen |
| 689 | 0 | 1 | |d s |0 (DE-588)4042061-9 |0 (DE-627)106216171 |0 (DE-576)20904845X |2 gnd |a Nichtehelichenrecht |
| 689 | 0 | 2 | |q z |2 gnd |a Geschichte 1825-1896 |
| 689 | 0 | |5 DE-101 | |
| 689 | 1 | 0 | |d s |0 (DE-588)4197581-9 |0 (DE-627)105195383 |0 (DE-576)210116242 |2 gnd |a Nichteheliche Mutter |
| 689 | 1 | |5 DE-101 | |
| 751 | |a Bielefeld |0 (DE-588)4006510-8 |0 (DE-627)106377272 |0 (DE-576)20886590X |4 uvp | ||
| 830 | 0 | |a Rechtshistorische Reihe |v 113 |9 113 |w (DE-627)130253855 |w (DE-576)015816699 |w (DE-600)553472-0 |x 0344-290X |7 am | |
| 856 | 4 | 2 | |u http://www.gbv.de/dms/spk/sbb/toc/128556366.pdf |m V:DE-601 |m B:DE-1 |q pdf/application |x Verlag |y Inhaltsverzeichnis |3 Inhaltsverzeichnis |7 1 |
| 935 | |a mteo | ||
| 935 | |i Blocktest | ||
| 936 | r | v | |a PW 8410 |b Brandenburg-Preußen, Deutschordenland |k Rechtswissenschaft |k Deutsche und ausländische Rechtsgeschichte |k Rechtsgeschichte der deutschen Länder |k Brandenburg-Preußen, Deutschordenland |0 (DE-627)1271524287 |0 (DE-625)rvk/140962: |0 (DE-576)201524287 |
| 936 | r | v | |a PW 1000 |b Zeitschriften, Periodika, Reihen |k Rechtswissenschaft |k Deutsche und ausländische Rechtsgeschichte |k Allgemeines |k Zeitschriften, Periodika, Reihen |0 (DE-627)1275348963 |0 (DE-625)rvk/140800: |0 (DE-576)205348963 |
| 936 | r | v | |a BR 5290 |b Staatliches Eherecht |k Theologie und Religionswissenschaften |k Kirchenrecht |k Sonderdarstellungen zum Kirchenrecht |k Verwaltungsrecht |k Eherecht, Familienrecht |k Staatliches Eherecht |0 (DE-627)1270754378 |0 (DE-625)rvk/15924: |0 (DE-576)200754378 |
| 936 | b | k | |a 86.01 |j Geschichte der Rechtswissenschaft |0 (DE-627)106414747 |
| 936 | b | k | |a 86.22 |j Familienrecht |0 (DE-627)106413406 |
| 951 | |a BO | ||
| CAN | |a 1 | ||
| ELC | |b 1 | ||
| ITA | |a 1 | ||
| LOK | |0 000 xxxxxcx a22 zn 4500 | ||
| LOK | |0 001 3193625337 | ||
| LOK | |0 003 DE-627 | ||
| LOK | |0 004 128556366 | ||
| LOK | |0 005 20100406124736 | ||
| LOK | |0 008 050824||||||||||||||||ger||||||| | ||
| LOK | |0 040 |a DE-21-32c |c DE-627 |d DE-21-32c | ||
| LOK | |0 541 |e 93/725 | ||
| LOK | |0 852 |a DE-21-32c | ||
| LOK | |0 852 1 |c Ha t 1680 |m p |9 00 | ||
| LOK | |0 935 |a k32c | ||
| LOK | |0 938 |k p | ||
| LOK | |0 939 |a 24-08-05 |b l01 | ||
| LOK | |0 000 xxxxxcx a22 zn 4500 | ||
| LOK | |0 001 3193625345 | ||
| LOK | |0 003 DE-627 | ||
| LOK | |0 004 128556366 | ||
| LOK | |0 005 20100521152632 | ||
| LOK | |0 008 950824||||||||||||||||ger||||||| | ||
| LOK | |0 040 |a DE-21-24 |c DE-627 |d DE-21-24 | ||
| LOK | |0 541 |e 93/1546 | ||
| LOK | |0 689 |a s |a Kind (uneheliches: Preussen: 18./19. Jh.) | ||
| LOK | |0 689 |a s |a Mutterschaft (uneheliche: Preussen: 18./19. Jh.) | ||
| LOK | |0 852 |a DE-21-24 | ||
| LOK | |0 852 1 |c D,IVc,132 |m p |9 00 | ||
| LOK | |0 936ln |a D,IVc, | ||
| LOK | |0 938 |k p | ||
| LOK | |0 939 |a 24-08-95 |b l01 | ||
| ORI | |a SA-MARC-ixtheoa001.raw | ||
| REL | |a 1 | ||
| STA | 0 | 0 | |a Prussians,Ecclesiastical principality,Prussia,Teutonic Knights State,Single mother,Unmarried mother,Unmarried mother,Unmarried law,Law of the unmarried |
| STB | 0 | 0 | |a Droit des enfants naturels,Droit des enfants nés hors mariage,Droit des enfants nés hors mariage,Mère célibataire,Prussiens |
| STC | 0 | 0 | |a Legislación sobre los hijos naturales,Madree soltera,Prusianos |
| STD | 0 | 0 | |a Diritto sui figli illegittimi,Diritto sui figli naturali,Diritto sui figli naturali,Madre nubile,Prussiani |
| STE | 0 | 0 | |a 非婚生的法例 |
| STF | 0 | 0 | |a 古普鲁士人,非婚生的法例 |
| STG | 0 | 0 | |a Legislação sobre a filiação natural,Mãe solteira,Prussianos |
| STH | 0 | 0 | |a Внебрачное право,Незамужняя мать,Пруссы (народ) |
| STI | 0 | 0 | |a Άγαμη μητέρα,Δίκαιο για τέκνα εκτός γάμου,Δίκαιο για φυσικά τέκνα,Πρώσοι |
| SUB | |a CAN |a REL | ||
| SYG | 0 | 0 | |a Pruzzen,Prussen , Brandenburg-Preußen,Preußen <Königreich>,Preußen,Preußische Westprovinzen,Deutscher Orden,Preußen,Ordensstaat,Deutschordensstaat,Prūsija,Prusy Zakonne,Prusko,Prusko,Prusy Krzyżackie,Ordensland Preußen,Preußen,Brandenburg-Preußen,Königreich Preußen,Preußische Staaten,Preußischer Staat,Der Preußische Staat,Königlich Preußische Staaten,Prusy Królewskie,Königlich Preußen,Prussia , Nichteheliches Kind , Unverheiratete Mutter,Uneheliche Mutter,Ledige Mutter,Nicht eheliche Mutter |
| TIM | |a 100018250101_100018961231 |b Geschichte 1825-1896 | ||



